000 00792nab a2200229 u 4500
001 16891
003 HDC
007 cr bn ---aaaaa
008 210222c20100430xx dr|noo 0 a eng d
040 _aHDC
245 0 _aMalaysia - Announcing the 5th World Halal Forum 21 and 22 June 2010
260 _a[No place] :
_b[publisher not identified],
_c2010
336 _atext
_2rdacontent
337 _acomputer
_2rdamedia
338 _aonline resource
_2rdacarrier
650 _aglobal halal market
_92232
650 _aWorld Halal Forum
_zMalaysia
_916539
856 _zRequest full-text at [email protected]
942 _2lcc
942 _cNEWS
942 _kNWSO 005792
999 _c14207
_d14207